000 00778cam a22002653a 4500
001 3016
003 PGUSA
005 20140828083024.0
008 020101s2002||||xxu|||||s|||||000 1 eng d
040 _aPGUSA
_beng
042 _adc
050 4 _aPS
100 1 _aGilman, Charlotte Perkins,
_d1860-1935
245 1 0 _aWhat Diantha Did
_h[electronic resource] /
_cCharlotte Perkins Gilman
260 _bProject Gutenberg,
_c2002
506 _aPublic domain in the USA.
516 _aElectronic text
653 _aBusinesswomen -- Fiction
653 _aWomen household employees -- Fiction
653 _aFeminist fiction
653 _aWomen -- Employment -- Fiction
830 0 _aProject Gutenberg
_v3016
856 4 0 _uhttp://www.gutenberg.org/ebooks/3016
942 _cEB
999 _c232346
_d232346